书目信息 |
| 题名: |
Visual FoxPro程序设计教程
|
|
| 作者: | 刘卫国 主编 | |
| 分册: | ||
| 出版信息: | 北京 北京邮电大学出版社 2003 |
|
| 页数: | 307页 | |
| 开本: | 26cm | |
| 丛书名: | ||
| 单 册: | ||
| 中图分类: | TP311.138FO | |
| 科图分类: | ||
| 主题词: | 关系型数据库--数据库管理系统--程序设计--高等学校--教材 , 程序设计 , 数据库管理系统 , 关系型数据库 | |
| 电子资源: | ||
| ISBN: | 7-5635-0734-5 | |
| 000 | 00828nam0 2200265 450 | |
| 001 | 002584332 | |
| 005 | 20070727110135.23 | |
| 010 | @a7-5635-0734-5@dCNY28.00 | |
| 100 | @a20040220d2003 em y0chiy0110 ea | |
| 101 | 0 | @achi |
| 102 | @aCN@b110000 | |
| 105 | @ay z 000yy | |
| 200 | 1 | @aVisual FoxPro程序设计教程@9Visual FoxPro cheng xu she ji jiao cheng@f刘卫国主编@Fliu wei guo zhu bian |
| 210 | @a北京@c北京邮电大学出版社@d2003@h2004 | |
| 215 | @a307页@d26cm | |
| 300 | @a21世纪高等学校计算机科学与技术规划教材 | |
| 606 | 0 | @a关系型数据库@x数据库管理系统@x程序设计@x高等学校@j教材 |
| 606 | 0 | @a程序设计 |
| 606 | 0 | @a数据库管理系统 |
| 606 | 0 | @a关系型数据库 |
| 610 | 0 | @aFoxPro |
| 690 | @aTP311.138FO@v4 | |
| 701 | 0 | @a刘卫国@Aliu wei guo@4主编 |
| 801 | 0 | @aCN@bNLC@c20070727 |
| 905 | @a10447@dTP311.138FO@e425 | |
| Visual FoxPro程序设计教程/刘卫国主编.-北京:北京邮电大学出版社,2003(2004) |
| 307页;26cm |
| 21世纪高等学校计算机科学与技术规划教材 |
| ISBN 7-5635-0734-5:CNY28.00 |
| ● |
| 相关链接 |
|
|
|
|
正题名:Visual FoxPro程序设计教程
索取号:TP311.138FO/425
 
预约/预借
| 序号 | 登录号 | 条形码 | 馆藏地/架位号 | 状态 | 备注 |
| 1 | 0779860 | 207798604 | 第二样本阅览室/ [索取号:TP311.138FO/425] | 在馆 | |
| 2 | 0787990 | 207879900 | 密集书库/ [索取号:TP311.138FO/425] | 在馆 |